000
00325 a2200157 4500
001
193050
020
_a
978-85-7412-136-9
040
_c
Magnum
100
_a
King, Stephen Michael
240
1
0
_a
Vira-lata!
_l
por
245
1
0
_a
Vira-lata!
300
_a
32
362
0
_a
2005
697
_a
LITERATURA INFANTIL
942
_c
BK
999
_c
193050
_d
193050